000 00689nam a2200193Ia 4500
008 220216s9999 xx 000 0 und d
100 _aSaha T
245 0 _aTowards development of molecular markers for Phytophthora tolerance in rubber (Hevea brasiliensis)
260 _bPhytophthora Diseases of Plantation Crops. (Eds. Jacob Mathew; C. Bindu Roy; C. Kuruvilla Jacob and N. Ramachandran).Westville Publishing House, New Delhi, pp.144-151.
500 _aSource Year: 2015
650 _aDNA extraction
650 _aMolecular markers
650 _aRAPD marker generation
700 _aBini K
700 _aRavindran M
700 _aRoy C B
700 _aThomas K U
942 _cJS
999 _c71408
_d71408